[Event "WchT Seniors 65"]
[Site "Radebeul"]
[Date "2016.06.30"]
[Round "5.4"]
[White "Freise, Eckhard"]
[Black "Gyrlea, Viktor"]
[Result "1/2-1/2"]
[WhiteElo "2003"]
[BlackElo "2384"]
[PlyCount "88"]
[EventDate "2016.06.26"]
[EventType "team-swiss"]
[EventRounds "9"]
[EventCountry "GER"]
[SourceTitle "CBM 173 Extra"]
[Source "ChessBase"]
[SourceDate "2016.08.29"]
[SourceVersion "1"]
[SourceVersionDate "2016.08.29"]
[SourceQuality "1"]
[WhiteTeam "Eck Gunners"]
[BlackTeam "Moldova"]
[WhiteTeamCountry "GER"]
[BlackTeamCountry "MDA"]

1. d4 d5 2. c4 c6 3. Nf3 Nf6 4. cxd5 cxd5 5. Nc3 Nc6 6. Bf4 a6 7. e3 e6 8. Bd3 Be7 9. h3 0-0 10. 0-0 h6 11. Rc1 Nd7 12. Qe2 Re8 13. Rfd1 Nf8 14. e4 Bf6 15. e5 Be7 16. a3 Qa5 17. Bd2 Qb6 18. b4 Nxd4 19. Nxd4 Qxd4 20. Bxh6 Qh4 21. Be3 Bd7 22. Bb1 Rac8 23. Rd4 Qh8 24. f4 g6 25. Rdd1 b5 26. Qf2 Rc6 27. Ne2 Rec8 28. Rxc6 Rxc6 29. Rc1 Qh4 30. Qf1 Rc4 31. Bd3 Bc6 32. Nd4 Bb7 33. Nf3 Qh7 34. Bxc4 dxc4 35. Bc5 f5 36. Rd1 Bxc5+ 37. bxc5 Qc7 38. Qf2 Bd5 39. Kh2 Nd7 40. Qh4 Nxc5 41. Qf6 Qf7 42. Qd8+ Qf8 43. Qc7 Ne4 44. Nd4 Nc3 1/2-1/2

[Event "WchT Seniors 50"]
[Site "Vilnius"]
[Date "2014.07.15"]
[Round "3.3"]
[White "Priednieks, Eriks"]
[Black "Gyrlea, Viktor"]
[Result "0-1"]
[WhiteElo "2124"]
[BlackElo "2417"]
[PlyCount "40"]
[EventDate "2014.07.13"]
[EventType "team-swiss"]
[EventRounds "9"]
[EventCountry "LTU"]
[SourceTitle "CBM 161 Extra"]
[Source "ChessBase"]
[SourceDate "2014.08.29"]
[SourceVersion "1"]
[SourceVersionDate "2014.08.29"]
[SourceQuality "1"]
[WhiteTeam "Latvia"]
[BlackTeam "Moldova"]
[WhiteTeamCountry "LAT"]
[BlackTeamCountry "MDA"]

1. c4 c6 2. d4 d5 3. cxd5 cxd5 4. Bf4 Nc6 5. e3 e6 6. Nc3 Nf6 7. Nf3 a6 8. Rc1 Be7 9. h3 0-0 10. Bd3 Qb6 11. Qe2 Bd7 12. 0-0 Qa5 13. Ne5 Rac8 14. Bg5 Qd8 15. Bxf6 Bxf6 16. f4 g6 17. Bc2 Bg7 18. Nxd7 Qxd7 19. Na4 Qc7 20. Nc5 Nxd4 0-1